[Event "FRA-chT2 0304a"]
[Site "France"]
[Date "2004.01.17"]
[Round "5.7"]
[White "Rossolini, Fabien"]
[Black "Janotta, Patrick"]
[Result "0-1"]
[WhiteElo "2057"]
[BlackElo "2121"]
[PlyCount "108"]
[EventDate "2003.10.??"]
[EventType "team"]
[EventRounds "11"]
[EventCountry "FRA"]
[SourceTitle "EXT 2005"]
[Source "ChessBase"]
[SourceDate "2004.11.15"]
[SourceVersion "1"]
[SourceVersionDate "2004.11.15"]
[SourceQuality "1"]
[WhiteTeam "Nice Alekhine"]
[BlackTeam "Avignon"]
[WhiteTeamCountry "FRA"]
[BlackTeamCountry "FRA"]

1. e4 c5 2. Nc3 Nc6 3. g3 g6 4. Bg2 Bg7 5. d3 e6 6. Be3 d6 7. Qd2 Nge7 8. Bh6 Bxh6 9. Qxh6 Nd4 10. Qd2 Qa5 11. Nge2 Nxe2 12. Nxe2 Qxd2+ 13. Kxd2 e5 14. Nc3 Bd7 15. Nd1 0-0 16. Ne3 b5 17. h4 Bc6 18. Nd5 Nxd5 19. exd5 Bd7 20. Rae1 b4 21. Re3 Rab8 22. f4 f6 23. Bh3 Bxh3 24. Rxh3 Rb5 25. Rh1 Ra5 26. Ra1 Rb8 27. a4 bxa3 28. Rxa3 Rxa3 29. bxa3 Rb1 30. fxe5 fxe5 31. Re4 h5 32. Ra4 Rg1 33. Rxa7 Rg2+ 34. Kc3 Rxg3 35. Rd7 Rg4 36. Rxd6 Kf7 37. Re6 Rxh4 38. Rxe5 Rd4 39. Kd2 c4 40. Re4 Rxd5 41. Rxc4 g5 42. Ke3 Rf5 43. Rb4 h4 44. c4 h3 45. Rb2 g4 46. Rh2 Kg6 47. c5 Kg5 48. d4 Kh4 49. Rf2 Rxf2 50. Kxf2 g3+ 51. Kg1 Kg4 52. c6 Kf3 53. c7 h2+ 54. Kh1 Kf2 0-1